00867cam a22002651 4500001001300000003000400013005001700017008004100034010001700075035002000092040004400112042001200156050002600168082001500194110008100209245003700290260002400327300001700351490002100368500001900389651004900408650003500457810009200492999001700584sd 49000329 DLC20260227112735.0901001s1944 dcu 000 0 eng c asd 49000329  a(OCoLC)22454904 aU.S. Dept of State. LibrarycCSt-HdDLC apremarc00aUB250b.U33 no. 2543S a940.4343911 aUnited States.bOffice of Strategic Services.bResearch and Analysis Branch.00aPolitical hesitation in Hungary. a[Washington]c1944. a3 l.c27 cm.1 aIts R & Av2543S aCaption title. 0aHungaryxPolitics and governmenty1918-1945. 0aWorld War, 1939-1945zHungary.1 aUnited States.bDepartment of State.bOffice of Intelligence Research.tR & A ;v2543S. c90008d90008